000 00197nam a2200085Ia 4500
008 230605s9999 xx 000 0 und d
041 _aeng
245 _aOxford guide to plan english
650 _aDict.
999 _c417350
_d417350